Statistics for Countries of the World with Weird Facts

Click here to take the quiz!

General Stats

  • This quiz has been taken 25 times
  • The average score is 9 of 16

Answer Stats

HintAnswer% Correct
European country that's Longest Land Border is with BrazilFrance
95%
First country to legalize Same Sex MairigesNetherlands
89%
European country that has land in Main-Land AfricaSpain
89%
Along with UAE, Kuwait, and Qatar, it is a Terroist Free Country in the Middle EastOman
84%
Country that Now Owns Zanzibar, Which Fought the U.K. in the Shortest War in HistoryTanzania
84%
Country that Used to have the most CapitalsChina
68%
South American Country where you can't Throw Toilet Paper AwayBolivia
63%
Safest CountryIceland
63%
All previous and current leaders are considered godsNorth Korea
63%
Has most Hagfish ImportedSouth Korea
47%
Country that only owns 38% of it's countryCyprus
26%
Smallest Country to Fight in the Korean WarLuxembourg
26%
Both has land and Doesn't have landMalta
21%
Considered Polish people BlackHaiti
16%
Worst Country that Ever Competed in the OlympicsLitchenstein
11%
Easiest Country to guess in Geogussr.com's Explorer ModeRwanda
11%

Score Distribution

Percentile by Number Answered

Percent of People with Each Score

Your Score History

You have not taken this quiz